000 00570nam a2200241 a 4500
001 nice12345678
003 IN_TiNIC
005 20260116011407.0
008 050524s1939 alia grp 000 0 eng
020 _a
_c0
082 0 0 _a955.03
_bSAR
100 _aSarwar, Ghulam
245 _aHistory of Shah Ismail Safawai
260 _aAligarh
_bMuslim University
_c1939
300 _a127p
500 _aincludes index and biblioraphy
505 2 _aIndex
650 _aIran-History
700 1 _aSarwar, Ghulam
902 _bSRS
942 _cBK
999 _c1127
_d1127